Quiz sull'Isola Bouvet - Statistics

Statistiche generali
  • Questo quiz è stato fatto 13 volte
  • Il punteggio medio è 3 su 6
Statistiche sulle risposte
Definizione Risposta % Corretto
Oceano in cui è situata Oceano Atlantico
100%
L'Isola Bouvet è una dipendenza di questo Stato Norvegia
91%
Stato più vicino Sudafrica
73%
È considerata l'isola più ________ al mondo Remota
55%
Per un certo periodo fu anche catalogata come isola __________ Fantasma
27%
Scopritore dell'isola Jean Baptiste Charles Bouvet de Lozier
0%
Nessun quiz corrispondente trovato
Distribuzione punteggi
Percentuale di utenti per punteggio
Percentile per numero di risposta
I tuoi punteggi nel tempo
Non hai fatto questo quiz